Leopold II : (Record no. 4976)

MARC details
000 -LEADER
fixed length control field 01144nam a22003137a 4500
001 - CONTROL NUMBER
control field 4976
003 - CONTROL NUMBER IDENTIFIER
control field FISKH
005 - DATE AND TIME OF LATEST TRANSACTION
control field 20260311082345.0
008 - FIXED-LENGTH DATA ELEMENTS--GENERAL INFORMATION
fixed length control field 241030b cb ||||| |||| 00| 0 eng d
020 ## - INTERNATIONAL STANDARD BOOK NUMBER
International Standard Book Number 9780531205013
040 ## - CATALOGING SOURCE
Original cataloging agency FISKH
Language of cataloging eng
Transcribing agency FISKH
Modifying agency FISKH
050 ## - LIBRARY OF CONGRESS CALL NUMBER
Classification number DH671.O45
082 ## - DEWEY DECIMAL CLASSIFICATION NUMBER
Classification number 967.51
100 ## - MAIN ENTRY--PERSONAL NAME
Personal name Olson, Tod
245 ## - TITLE STATEMENT
Title Leopold II :
Remainder of title Butcher of the Congo /
Statement of responsibility, etc. by Tod Olson
260 ## - PUBLICATION, DISTRIBUTION, ETC.
Place of publication, distribution, etc. New York :
Name of publisher, distributor, etc. Scholastic ;
Date of publication, distribution, etc. 2008 .
300 ## - PHYSICAL DESCRIPTION
Extent 128 pages :
Other physical details color illustrations , maps ;
Dimensions 19 cm.
490 ## - SERIES STATEMENT
Series statement A Wicked History
505 ## - FORMATTED CONTENTS NOTE
Formatted contents note R <br/>
520 ## - SUMMARY, ETC.
Summary, etc. Tells the story of Leopold II, King of the Belgians, who claimed he was helping the people in a colony of Africa along the Congo River, but was really found to be promoting slavery and other ills.
521 8# - TARGET AUDIENCE NOTE
Target audience note 750 <br/>
Source Lexile <br/>
521 8# - TARGET AUDIENCE NOTE
Target audience note R <br/>
Source Raz-Plus <br/>
650 ## - SUBJECT ADDED ENTRY--TOPICAL TERM
Topical term or geographic name entry element Leopold II , King of the Belgians , 1935-1909
Form subdivision Non-fiction
650 ## - SUBJECT ADDED ENTRY--TOPICAL TERM
Topical term or geographic name entry element Congo( Democratic Republic) -History-To 1908
Form subdivision Non-fiction
650 ## - SUBJECT ADDED ENTRY--TOPICAL TERM
Topical term or geographic name entry element Belgium-King and rulers-Biography
Form subdivision Non-fiction
700 ## - ADDED ENTRY--PERSONAL NAME
Personal name O'Neill, Marie
Relator term Art Director
942 ## - ADDED ENTRY ELEMENTS (KOHA)
Source of classification or shelving scheme Dewey Decimal Classification
Koha item type Books
Suppress in OPAC No
Holdings
Withdrawn status Lost status Source of classification or shelving scheme Damaged status Not for loan Collection Home library Current library Shelving location Date acquired Total Checkouts Full call number Barcode Date last seen Date last checked out Copy number Price effective from Koha item type
    Dewey Decimal Classification     Non-Fiction Footprints International School Library Network Toul Tom Poung Campus Footprints International School Library Network Toul Tom Poung Campus TTP Primary Orange Bookshelves 10/30/2024 1 OLS 967.51 DH671.O45 FISSE00319 03/11/2026 03/05/2026 1 10/30/2024 Books
    Dewey Decimal Classification     Non-Fiction Footprints International School Library Network Toul Tom Poung Campus Footprints International School Library Network Toul Tom Poung Campus TTP Primary Orange Bookshelves 10/30/2024   OLS 967.51 DH671.O45 FISSE00318 10/30/2024   2 10/30/2024 Books
    Dewey Decimal Classification     Non-Fiction Footprints International School Library Network Toul Tom Poung Campus Footprints International School Library Network Toul Tom Poung Campus TTP Primary Orange Bookshelves 10/30/2024   OLS 967.51 DH671.O45 FISSE00320 10/30/2024   3 10/30/2024 Books
    Dewey Decimal Classification     Non-Fiction Footprints International School Library Network Toul Tom Poung Campus Footprints International School Library Network Toul Tom Poung Campus TTP Primary Orange Bookshelves 10/30/2025   OLS 967.51 DH671.O45 FIS04665 10/30/2025   4 10/30/2025 Books